00626nam a22001817a 450000500170000001000150001702000260003203500140005803700130007208200080008510000230009324501220011626000410023827000790027930000360035850000220039470000280041620181003112552.0 aENG-124156 a9789386602091c495.00 aEN-107688 bDBAD/PUB00a339 aBanerjee, Sreejata10aMacroeconomics:cby Sreejata Banerjee [and] P. Nandakumar warrierbtheories and applications for emerging economies / aNew Delhi bSAGE Publications,c2018 aB1/I-1 Mohan Cooperative Industrial Area, Mathura RoadbNew Delhi e110044 axx,482p.(I-1)c25cm.(pbk)bill. aIt includes index a warrier, P. Nandakumar